| 000 | 01125nam a2200361 a 4500 | ||
|---|---|---|---|
| 001 | 005349 | ||
| 003 | DO-SdBPM | ||
| 005 | 20260224111740.0 | ||
| 007 | ta | ||
| 008 | 090819s2017 sp 000 0 spa d | ||
| 020 | _a9788408173229 | ||
| 040 |
_aDO-SdBPM _bspa _cBPMSU _erda |
||
| 082 | 0 | 4 |
_a813.4 _bB347m 2017 _222 |
| 100 | 1 |
_aBaum, Lyman Frank _d1856-1919. _4aut. _eautor _911 |
|
| 245 | 1 | 3 |
_aEl maravilloso mago de oz / _cLyman Frank Baum ; traducción J. L. B. |
| 260 |
_b _c |
||
| 264 |
_a Madrid : _bGrafalco, _c2017 |
||
| 300 |
_a250 páginas : _bilustraciones ; _c22 cm. |
||
| 336 |
_atexto _btxt _2rdacontent |
||
| 337 |
_asin mediación _bn _2rdamedia |
||
| 338 |
_avolumen _bnc _2rdacarrier |
||
| 490 | 0 | _aClásicos juveniles | |
| 500 | _a | ||
| 590 | _aInventariado, 2026/VM | ||
| 650 | 7 | _aCuentos juveniles estadounidenses. | |
| 650 | 7 |
_aMagos _xCuentos juveniles. _v |
|
| 650 | 7 |
_aFantasía _xCuentos juveniles. |
|
| 650 | 7 | _aLiteratura juvenil estadounidenses | |
| 700 | 1 |
_aJ. L. B. _etraductor |
|
| 700 | 1 |
_a _e |
|
| 910 | _aVMateo V. Control de calidad. BPMSU | ||
| 942 |
_2ddc _cBK |
||
| 999 |
_c15728 _d15728 |
||